Pays du monde par ville, de A à Z - Statistiques

Statistiques générales
  • Ce quiz a été pris 195 fois
  • Le résultat moyen est 16 sur 24
Statistiques - réponses
Ville Pays % Correct
Liège Belgique
100%
Stuttgart Allemagne
98%
Le Havre France
98%
Naples Italie
98%
Bilbao Espagne
94%
Thessalonique Grèce
84%
Odense Danemark
79%
Calgary Canada
74%
Sapporo Japon
74%
Goteborg Suède
70%
Al Daayen Qatar
69%
Nha Trang Vietnam
66%
Sébastopol Ukraine
65%
Almaty Kazakhstan
62%
Chiang Mai Thaïlande
60%
Tananarive Madagascar
59%
Ibb Yemen
58%
Ndola Zambie
58%
Sibiu Roumanie
51%
Arequipa Pérou
49%
Entebbe Ouganda
46%
Delmas Haiti
40%
Paksé Laos
40%
Chinandega Nicaragua
32%
Aucun quiz correspondant
Distribution des résultats
% des personnes avec chaque résultat
Percentile par nombre de réponses
Votre historique - résultats
Vous n’avez pas pris ce quiz